000 00672nam a2200241Ia 4500
003 OSt
005 20221006144826.0
006 a|||||r|||| 00| 0
007 ta
008 221006b |||||||| |||| 00| 0 eng d
020 _cP7.75
024 _a12,851
037 _cTextual
040 _aEASL
_cEASL
_beng
041 _2eng
_aeng
082 _aV41:1956(zM).M42, K9
100 _aHALL W H
_9652973
245 0 _aNenesis in China comprising a hisotry of the late war in that country
260 _aNew York
_bPraeger Pub.
_c1969
300 _a399p.
_ccm.
942 _hV41:1956(zM).M42, K9
_cTEXL
_2CC
999 _c1080937
_d1080937